| 000 | 00914nam0a22002411 4500 | ||
|---|---|---|---|
| 001 | rc\1049022 | ||
| 005 | 20260407004956.0 | ||
| 035 | _a(NLR Aleph) 006210639 | ||
| 090 |
_a6364599 _c6364599 |
||
| 100 | _a20041129d1981 |||y0rusy50 ca | ||
| 101 | 0 | _arus | |
| 102 | _aRU | ||
| 105 | _ay ||||||||| | ||
| 200 | 1 | _aСборник постановлений и событий по проведению физкультурно-массовых и спортивных мероприятий на 1981 год | |
| 210 |
_aСмоленск _cБ. и. _d1981 |
||
| 215 |
_a58 с. _d20 |
||
| 333 | _aДСП. Экз. № 5 | ||
| 710 | 0 | 2 |
_a"Урожай", сельское спортивное общество РСФСР _bСмоленский областной совет _3RU\NLR\AUTH\889995910 _9488836 |
| 801 | 0 |
_aRU _bNLR _gpsbo |
|
| 801 | 1 |
_aRU _bELAR _2rusmarc |
|
| 852 |
_aNLR _j81-50К/1172 |
||
| 942 | _cBOOK | ||
| 980 | _aNB | ||